[Event "SR Extraliga 2016/2017"]
[Site "?"]
[Date "2017.03.25"]
[Round "10.3"]
[White "Jurcik, Martin"]
[Black "Rigo, Zsolt"]
[Result "1/2-1/2"]
[WhiteElo "2320"]
[BlackElo "2388"]
[PlyCount "58"]
[EventDate "2016.??.??"]

1. d4 Nf6 2. Bg5 e6 3. e4 h6 4. Bxf6 Qxf6 5. c3 d6 6. Bd3 g6 7. Ne2 Bg7 8. O-O
Qe7 9. f4 e5 10. Nd2 O-O 11. Nf3 c5 12. h3 exd4 13. cxd4 cxd4 14. Nexd4 Nc6 15.
Nxc6 bxc6 16. Qd2 a5 17. Rac1 c5 18. Rfe1 a4 19. Bc4 Be6 20. e5 Rfd8 21. exd6
Rxd6 22. Qf2 Qd7 23. Bxe6 Rxe6 24. Ne5 Qd5 25. a3 Bxe5 26. fxe5 c4 27. Red1 Qb5
28. Qd4 Rc8 29. Re1 Rc5 1/2-1/2

[Event "SR Extraliga 2016/2017"]
[Site "?"]
[Date "2017.03.25"]
[Round "10.4"]
[White "Maslik, Miroslav"]
[Black "Likavsky, Tomas"]
[Result "1/2-1/2"]
[WhiteElo "2340"]
[BlackElo "2437"]
[PlyCount "111"]
[EventDate "2016.??.??"]

1. d4 Nf6 2. c4 e6 3. Nf3 d5 4. Nc3 Nbd7 5. cxd5 exd5 6. Bf4 c6 7. e3 Be7 8.
Qc2 Nh5 9. Bg3 Nxg3 10. hxg3 g6 11. Bd3 Nf6 12. Ne5 Ng4 13. Nxg6 fxg6 14. Bxg6+
Kd7 15. Rxh7 Rxh7 16. Bxh7 Kc7 17. O-O-O Be6 18. Bf5 Bxf5 19. Qxf5 Qd7 20. Qc2
Rf8 21. Rd2 Bb4 22. Re2 Bxc3 23. bxc3 Qe7 24. Kb2 a6 25. a3 Kb8 26. Ka2 Qe4 27.
f3 Qxc2+ 28. Rxc2 Nxe3 29. Re2 Nf5 30. g4 Nd6 31. g5 Rg8 32. Re6 Kc7 33. f4 Re8
34. Re5 Rf8 35. g3 Ne4 36. g6 Nxg3 37. f5 Ne4 38. g7 Rg8 39. Rxe4 Rxg7 40. Rf4
Kd7 41. Kb3 a5 42. a4 Ke8 43. Rf3 Kf7 44. c4 Kf6 45. cxd5 cxd5 46. Ka3 Re7 47.
Kb2 Re2+ 48. Kc3 Ra2 49. Kb3 Ra1 50. Re3 Rb1+ 51. Kc3 Rc1+ 52. Kd3 Ra1 53. Re5
Ra3+ 54. Kc2 Rxa4 55. Rxd5 b6 56. Rb5 1/2-1/2

[Event "SR Extraliga 2016/2017"]
[Site "?"]
[Date "2017.03.25"]
[Round "10.5"]
[White "Kantorik, Marian"]
[Black "Federic, Jozef"]
[Result "1/2-1/2"]
[WhiteElo "2265"]
[BlackElo "2287"]
[PlyCount "35"]
[EventDate "2016.??.??"]

1. d4 d5 2. c4 e6 3. Nc3 Nf6 4. cxd5 exd5 5. Bg5 Be7 6. e3 c6 7. Bd3 Nbd7 8.
Qc2 h6 9. Bh4 O-O 10. Nge2 Re8 11. O-O-O Nb6 12. Kb1 Ne4 13. Bxe7 Nxc3+ 14.
Qxc3 Qxe7 15. h3 Qf6 16. Rhf1 Bf5 17. Nf4 Nc4 18. Qc2 1/2-1/2

[Event "SR Extraliga 2016/2017"]
[Site "?"]
[Date "2017.03.25"]
[Round "10.6"]
[White "Banas, Kamil"]
[Black "Haring, Viktor"]
[Result "1-0"]
[WhiteElo "2238"]
[BlackElo "2285"]
[PlyCount "81"]
[EventDate "2016.??.??"]

1. e4 c5 2. Nf3 Nc6 3. Bb5 e6 4. Bxc6 bxc6 5. O-O Ne7 6. b3 Ng6 7. Bb2 f6 8. d3
Be7 9. Nbd2 e5 10. Re1 O-O 11. c3 Nf4 12. Nf1 d5 13. d4 cxd4 14. cxd4 Bb4 15.
Re3 c5 16. dxe5 d4 17. exf6 dxe3 18. fxg7 exf2+ 19. Kh1 Re8 20. Qc2 Qd3 21.
Qxf2 Bc3 22. Ng3 Bxb2 23. Qxb2 Bg4 24. Qf6 Bxf3 25. Qxf4 Bxe4 26. Rf1 Bg6 27.
h4 Qd4 28. Qg5 Qxg7 29. h5 Re5 30. Qh4 Bd3 31. Rd1 Re3 32. Rxd3 Rxd3 33. Qc4+
Kh8 34. Qxd3 Rg8 35. Kh2 Qf6 36. Qe4 Qg5 37. Nf5 Qxh5+ 38. Kg1 Re8 39. Qd3 Re5
40. Qd8+ Qe8 41. Qf6+ 1-0

[Event "SR Extraliga 2016/2017"]
[Site "?"]
[Date "2017.03.25"]
[Round "10.7"]
[White "Haring, Filip"]
[Black "Kleman, Miroslav"]
[Result "1-0"]
[WhiteElo "2308"]
[BlackElo "2178"]
[PlyCount "41"]
[EventDate "2016.??.??"]

1. e4 e5 2. Nf3 Nc6 3. d4 d5 4. Nxe5 dxe4 5. Nxc6 bxc6 6. Nc3 f5 7. Bc4 Nf6 8.
O-O Bd6 9. f3 Qe7 10. Bg5 Be6 11. Bxe6 Qxe6 12. Bxf6 gxf6 13. fxe4 fxe4 14.
Qh5+ Kd7 15. Rae1 e3 16. d5 cxd5 17. Nxd5 Be5 18. Nxe3 Qxa2 19. Rd1+ Bd6 20.
Qb5+ Kc8 21. Qc6 1-0

[Event "SR Extraliga 2016/2017"]
[Site "?"]
[Date "2017.03.25"]
[Round "10.8"]
[White "Mydlarik, Martin"]
[Black "Magat, Jozef"]
[Result "1-0"]
[WhiteElo "2085"]
[BlackElo "2078"]
[PlyCount "83"]
[EventDate "2016.??.??"]

1. c4 c5 2. Nc3 Nf6 3. g3 g6 4. Bg2 Bg7 5. Nf3 Nc6 6. O-O O-O 7. d4 cxd4 8.
Nxd4 Nxd4 9. Qxd4 d6 10. Qd3 Rb8 11. Bd2 b6 12. Rac1 Bb7 13. Rfd1 Qd7 14. e4
Rfd8 15. b3 Ne8 16. Be3 Rbc8 17. Nb5 Ba8 18. a4 Qb7 19. f3 Nc7 20. Nd4 Na6 21.
Qb1 Nb4 22. Rd2 Qd7 23. Rcd1 Nc6 24. Nxc6 Bxc6 25. Qd3 Qb7 26. Bf4 Re8 27. Kf2
Ra8 28. h4 h6 29. Be3 a6 30. Ra2 Rf8 31. Bd4 b5 32. Bxg7 Kxg7 33. Qd4+ f6 34.
cxb5 axb5 35. a5 b4 36. Bf1 Rfb8 37. Bc4 Qa7 38. Ke3 Bb5 39. Bd5 Qxd4+ 40. Rxd4
Ra6 41. Rxb4 f5 42. Bc4 1-0

[Event "SR Extraliga 2016/2017"]
[Site "?"]
[Date "2017.03.25"]
[Round "10.1"]
[White "Druska, Juraj"]
[Black "Cvek, Robert"]
[Result "1/2-1/2"]
[WhiteElo "2437"]
[BlackElo "2513"]
[PlyCount "31"]
[EventDate "2016.??.??"]

1. e4 e6 2. d4 d5 3. Nd2 Be7 4. Ngf3 Nf6 5. e5 Nfd7 6. Bd3 c5 7. c3 Nc6 8. O-O
a5 9. Re1 cxd4 10. cxd4 Qb6 11. Nb1 Nxd4 12. Nxd4 Qxd4 13. Nc3 Qh4 14. g3 Qh3
15. Bf1 Qf5 16. Bd3 1/2-1/2

[Event "SR Extraliga 2016/2017"]
[Site "?"]
[Date "2017.03.25"]
[Round "10.2"]
[White "Pechac, Jergus"]
[Black "Leniart, Arkadiusz"]
[Result "1-0"]
[WhiteElo "2444"]
[BlackElo "2489"]
[PlyCount "81"]
[EventDate "2016.??.??"]

1. Nf3 Nf6 2. g3 g6 3. Bg2 Bg7 4. O-O O-O 5. d4 d5 6. c3 c6 7. Nbd2 Nbd7 8. Re1
Re8 9. Qb3 Qb6 10. e4 Nxe4 11. Nxe4 dxe4 12. Rxe4 Qxb3 13. axb3 b6 14. Bg5 f6
15. Bf4 Bb7 16. Re6 Kf7 17. Ree1 g5 18. Bd2 g4 19. Nh4 e6 20. h3 h5 21. hxg4
hxg4 22. f3 c5 23. fxg4 Bxg2 24. Kxg2 Red8 25. g5 cxd4 26. cxd4 Ne5 27. Bf4
fxg5 28. dxe5 gxf4 29. gxf4 Rd2+ 30. Kf3 Rxb2 31. Rec1 Bf8 32. Rc7+ Be7 33. Ng6
Rxb3+ 34. Kg4 Kxg6 35. Rxe7 a5 36. Rc1 Rg8 37. Rxe6+ Kh7+ 38. Kf5 Rg7 39. Rh1+
Kg8 40. Re8+ Kf7 41. Rhh8 1-0

[Event "SR Extraliga 2016/2017"]
[Site "?"]
[Date "2017.03.25"]
[Round "10.3"]
[White "Manik, Mikulas"]
[Black "Karas, Marek"]
[Result "1-0"]
[WhiteElo "2429"]
[BlackElo "2267"]
[PlyCount "93"]
[EventDate "2016.??.??"]

1. e4 e6 2. d4 d5 3. Nc3 Nf6 4. e5 Nfd7 5. f4 c5 6. Nf3 Nc6 7. Be3 Qb6 8. Na4
Qa5+ 9. c3 cxd4 10. b4 Nxb4 11. cxb4 Bxb4+ 12. Bd2 Bxd2+ 13. Nxd2 b6 14. Bd3
Ba6 15. Nb2 Nc5 16. Bxa6 Qxa6 17. Nb3 Qa3 18. Nd3 a5 19. O-O a4 20. Nbc1 O-O
21. Rb1 Rab8 22. Nf2 Qe3 23. g3 Ne4 24. Rb2 Nc3 25. Qd2 Rfc8 26. Re1 Qxd2 27.
Rxd2 Rc4 28. Ne2 Nxe2+ 29. Rexe2 b5 30. Rb2 b4 31. Nd3 h5 32. Kf2 b3 33. axb3
axb3 34. Red2 f6 35. Ne1 Kf7 36. Nf3 Rbb4 37. Ke2 Ke7 38. Rd3 fxe5 39. fxe5 Kf7
40. Ng5+ Ke7 41. Rdxb3 Rxb3 42. Rxb3 Rc2+ 43. Kd3 Rxh2 44. Rb7+ Ke8 45. Nxe6
Rh3 46. Kxd4 Rxg3 47. Nxg7+ 1-0

[Event "SR Extraliga 2016/2017"]
[Site "?"]
[Date "2017.03.25"]
[Round "10.4"]
[White "Gasa, Andrej"]
[Black "Mikrut, Dariusz"]
[Result "0-1"]
[WhiteElo "2274"]
[BlackElo "2396"]
[PlyCount "82"]
[EventDate "2016.??.??"]

1. e4 c5 2. Nf3 d6 3. d4 cxd4 4. Nxd4 Nf6 5. Nc3 a6 6. h3 e5 7. Nde2 h5 8. g3
Be6 9. Bg2 Nbd7 10. O-O Be7 11. a4 Rc8 12. Be3 Qa5 13. Qd2 Bc4 14. Rfd1 Nc5 15.
Nd5 Qxd2 16. Nxf6+ Bxf6 17. Rxd2 h4 18. g4 Bxe2 19. Rxe2 Ne6 20. Rd1 Ke7 21.
Rd3 Bg5 22. Rb3 Rc7 23. Bb6 Rc4 24. Be3 Rc7 25. Bb6 Rd7 26. c4 Rc8 27. Rc2 Rc6
28. Bf1 Nc5 29. Bxc5 dxc5 30. Kg2 Rcd6 31. Be2 Bd2 32. Kf1 Rd4 33. Kg2 Kd8 34.
Bf3 Kc7 35. Kf1 Bb4 36. Re3 Kb6 37. Kg2 Ka5 38. b3 Bd2 39. Re2 Kb4 40. Rb2 Kc3
41. Rb1 g5 0-1

[Event "SR Extraliga 2016/2017"]
[Site "?"]
[Date "2017.03.25"]
[Round "10.5"]
[White "Jacko, Vladimir"]
[Black "Sahidi, Samir"]
[Result "1-0"]
[WhiteElo "2294"]
[BlackElo "2275"]
[PlyCount "83"]
[EventDate "2016.??.??"]

1. e4 e5 2. Nf3 Nc6 3. Bc4 Bc5 4. c3 Nf6 5. d3 d6 6. Bb3 a6 7. Nbd2 O-O 8. h3
Nh5 9. d4 Ba7 10. Nxe5 dxe5 11. Qxh5 exd4 12. Nf3 Qe7 13. O-O dxc3 14. bxc3 Qf6
15. Ba3 h6 16. Bxf8 Kxf8 17. Rad1 Be6 18. Bxe6 Qxe6 19. Qd5 Qf6 20. e5 Qe7 21.
Qd7 Bb6 22. Qxe7+ Kxe7 23. Rfe1 a5 24. Kf1 a4 25. Nh4 Ke6 26. f4 g6 27. g4 Ne7
28. Kg2 Ra5 29. Kf3 Nd5 30. f5+ gxf5 31. gxf5+ Ke7 32. c4 Nc3 33. Rd3 Nxa2 34.
e6 Ke8 35. e7 c6 36. f6 Nb4 37. Rd2 a3 38. Red1 Nd5 39. cxd5 c5 40. Nf5 Ra8 41.
Ng7+ Kd7 42. e8=Q+ 1-0

[Event "SR Extraliga 2016/2017"]
[Site "?"]
[Date "2017.03.25"]
[Round "10.6"]
[White "Jozefek, Michal"]
[Black "Zambor, Norbert"]
[Result "1-0"]
[WhiteElo "2184"]
[BlackElo "2285"]
[PlyCount "85"]
[EventDate "2016.??.??"]

1. d4 Nf6 2. c4 c5 3. d5 g6 4. Nc3 Bg7 5. e4 d6 6. Be2 O-O 7. Bg5 Nbd7 8. h3
Ne8 9. Nf3 Nc7 10. O-O Rb8 11. Re1 a6 12. a4 b6 13. Qd2 Ne5 14. Nh2 f6 15. Be3
Bd7 16. f4 Nf7 17. g4 b5 18. Nf3 bxa4 19. Nxa4 f5 20. exf5 gxf5 21. g5 Bxa4 22.
Rxa4 Rxb2 23. Qd3 Qd7 24. Bd1 h6 25. h4 h5 26. Ra3 Nh8 27. Bc1 Rb6 28. Qe2 Ng6
29. Kh2 Rfb8 30. Ba4 Qc8 31. Bd2 Rb2 32. Kg3 Kf7 33. Qd3 Kg8 34. Ba5 R8b7 35.
Bc2 Ne5 36. fxe5 f4+ 37. Kf2 Qg4 38. Rg1 Qh3 39. Bc3 dxe5 40. Bxb2 e4 41. Qxe4
Rxb2 42. Qh7+ Kf8 43. Ke1 1-0

[Event "SR Extraliga 2016/2017"]
[Site "?"]
[Date "2017.03.25"]
[Round "10.7"]
[White "Holtman, Teodor"]
[Black "Spacek, Oliver"]
[Result "1-0"]
[WhiteElo "2296"]
[BlackElo "2211"]
[PlyCount "79"]
[EventDate "2016.??.??"]

1. e4 c5 2. Nf3 Nc6 3. Nc3 d6 4. d4 cxd4 5. Nxd4 Nf6 6. Bg5 e6 7. Qd2 Be7 8.
O-O-O a6 9. f4 Bd7 10. Nf3 h6 11. Bxf6 gxf6 12. Bd3 b5 13. f5 Qa5 14. Kb1 Ne5
15. fxe6 fxe6 16. Nxe5 dxe5 17. Be2 Ra7 18. Bh5+ Kd8 19. Qf2 Rc7 20. Qg3 Rf8
21. Rd3 b4 22. Ne2 f5 23. Bf3 Qc5 24. c3 Qc4 25. Rdd1 fxe4 26. Bg4 e3 27. h3
Qe4+ 28. Ka1 bxc3 29. Nxc3 Rxc3 30. bxc3 e2 31. Bxe6 Qa4 32. Qd3 Rf2 33. Rb1
Qc6 34. Bxd7 Qd6 35. Qxd6 Bxd6 36. Bg4 e4 37. Rhe1 Be5 38. Kb2 Rxg2 39. Rxe2
Rg3 40. Rc1 1-0

[Event "SR Extraliga 2016/2017"]
[Site "?"]
[Date "2017.03.25"]
[Round "10.8"]
[White "Gasa, Patrik"]
[Black "Sepesi, Samuel"]
[Result "0-1"]
[WhiteElo "2120"]
[BlackElo "2225"]
[PlyCount "82"]
[EventDate "2016.??.??"]

1. d4 g6 2. g3 Bg7 3. Bg2 c5 4. c3 Qa5 5. Nf3 cxd4 6. Nxd4 Nc6 7. O-O Nf6 8.
Nd2 O-O 9. b4 Qc7 10. Bb2 d6 11. Rc1 a6 12. a3 Bd7 13. Re1 Rfc8 14. N4f3 Qb6
15. h3 a5 16. e3 Bf5 17. Nd4 Nxd4 18. exd4 Be6 19. Ne4 Nxe4 20. Rxe4 Bh6 21.
Ra1 Rc7 22. Re1 Bc4 23. h4 d5 24. f4 Bg7 25. h5 Re8 26. Kh2 f6 27. hxg6 hxg6
28. Qa4 Ra8 29. Qc2 Kf7 30. Bh3 Rh8 31. Kg2 f5 32. Qd2 a4 33. Re3 e5 34. dxe5
d4 35. cxd4 Bd5+ 36. Kh2 Rcc8 37. g4 fxg4 38. Rg1 Qe6 39. Qd1 gxh3 40. Bc3 Qf5
41. Reg3 Rxc3 0-1

[Event "SR Extraliga 2016/2017"]
[Site "?"]
[Date "2017.03.25"]
[Round "10.2"]
[White "Plat, Vojtech"]
[Black "Bures, Jaroslav"]
[Result "1-0"]
[WhiteElo "2510"]
[BlackElo "2383"]
[PlyCount "111"]
[EventDate "2016.??.??"]

1. b3 d5 2. Bb2 Bf5 3. e3 e6 4. g3 Nf6 5. Bg2 Be7 6. d3 O-O 7. Nd2 h6 8. Ne2 c5
9. e4 Bh7 10. exd5 Nxd5 11. Nf4 Nc6 12. Nxd5 exd5 13. O-O Qd7 14. Re1 Rfe8 15.
Nf1 d4 16. Nd2 Bf8 17. a3 Rxe1+ 18. Qxe1 Re8 19. Qf1 Bf5 20. Re1 b6 21. Bc1
Rxe1 22. Qxe1 Bd6 23. Ne4 Bc7 24. Bxh6 Bxe4 25. Qxe4 gxh6 26. Qxc6 Qxc6 27.
Bxc6 Kg7 28. Kg2 f5 29. f4 Kf6 30. Bd7 Bd6 31. a4 a5 32. Kf3 h5 33. h4 Kg6 34.
Be8+ Kh6 35. Ke2 Be7 36. Kd2 Bd6 37. Kc1 Be7 38. Bf7 Bd6 39. b4 cxb4 40. Kb2 b3
41. Kxb3 Bb4 42. Kc4 Be1 43. Kb5 Bxg3 44. Kxb6 Be1 45. Kb5 Bd2 46. Be8 Be1 47.
Kc5 Bd2 48. Kxd4 Bxf4 49. c4 Bg3 50. c5 Bxh4 51. Ke5 Bg3+ 52. Kxf5 h4 53. Bf7
Kg7 54. Bh5 h3 55. Ke6 h2 56. Bf3 1-0

[Event "SR Extraliga 2016/2017"]
[Site "?"]
[Date "2017.03.25"]
[Round "10.3"]
[White "Bednar, Milan"]
[Black "Roubalik, Jakub"]
[Result "0-1"]
[WhiteElo "2249"]
[BlackElo "2403"]
[PlyCount "184"]
[EventDate "2016.??.??"]

1. d4 Nf6 2. Nf3 e6 3. g3 c5 4. c4 cxd4 5. Nxd4 Nc6 6. Bg2 Bc5 7. Nc2 d5 8.
cxd5 Nxd5 9. O-O O-O 10. e4 Ndb4 11. Nxb4 Nxb4 12. Nc3 Qxd1 13. Rxd1 e5 14. Rd2
Be6 15. a3 Nc6 16. b4 Bd4 17. Bb2 Rac8 18. Rc1 f6 19. Bf1 Rfd8 20. Na4 Bxb2 21.
Rxb2 Nd4 22. Rxc8 Rxc8 23. Nc5 Bf7 24. Nxb7 Rc1 25. Kg2 Bh5 26. f4 Bf3+ 27. Kf2
Bxe4 28. Nc5 Bd5 29. fxe5 fxe5 30. Nd3 Rxf1+ 31. Kxf1 Bc4 32. Kf2 Bxd3 33. Ke3
Bf5 34. a4 Kf7 35. Rf2 Ke6 36. b5 Nc2+ 37. Kd2 Nd4 38. Ke3 g6 39. Rb2 Kd5 40.
a5 Bc8 41. b6 axb6 42. Rxb6 Nf5+ 43. Kf2 Kc5 44. Rb2 Nd6 45. Rb8 Ba6 46. Ke3
Nc4+ 47. Kf2 Nxa5 48. Ra8 Kb6 49. Rh8 Nc6 50. Rxh7 Kc5 51. Rg7 Bd3 52. Ke3 Bc2
53. g4 Kd6 54. h4 Ne7 55. Kd2 Be4 56. h5 gxh5 57. gxh5 Nd5 58. Ra7 Nf6 59. h6
Bh7 60. Rg7 Ke6 61. Ke3 Kf5 62. Kf3 Bg6 63. Ke2 Kg5 64. Re7 e4 65. Re6 Ng4 66.
Re7 Kxh6 67. Re6 Kg5 68. Ra6 Bf5 69. Ra7 Kf4 70. Rf7 Ne5 71. Rf8 Nf3 72. Re8
Nd4+ 73. Kf2 Ne6 74. Re7 e3+ 75. Ke2 Nd4+ 76. Ke1 Bg4 77. Re8 Be6 78. Rf8+ Bf5
79. Re8 Kf3 80. Re7 Be6 81. Rc7 Bb3 82. Rc3 Nc2+ 83. Kf1 Ba4 84. Kg1 Ke2 85.
Rc4 Bb3 86. Rc3 Nd4 87. Rc8 Nf3+ 88. Kg2 Ne1+ 89. Kg3 Nd3 90. Rb8 Bc2 91. Re8
Kd2 92. Kf3 Bd1+ 0-1

[Event "SR Extraliga 2016/2017"]
[Site "?"]
[Date "2017.03.25"]
[Round "10.4"]
[White "Zpevak, Pavel"]
[Black "Istona, Martin"]
[Result "1/2-1/2"]
[WhiteElo "2355"]
[BlackElo "2255"]
[PlyCount "58"]
[EventDate "2016.??.??"]

1. d4 Nf6 2. c4 g6 3. Nc3 d5 4. Nf3 Bg7 5. Bg5 Ne4 6. cxd5 Nxg5 7. Nxg5 e6 8.
Nf3 exd5 9. e3 O-O 10. b4 Qd6 11. Qb3 c6 12. Be2 Bf5 13. O-O Nd7 14. Rfc1 Rfe8
15. a3 Rac8 16. b5 c5 17. Qxd5 Qxd5 18. Nxd5 Be4 19. Nf4 Bxf3 20. Bxf3 cxd4 21.
Rxc8 Rxc8 22. Rd1 Rc4 23. exd4 Rxd4 24. Rxd4 Bxd4 25. Bxb7 Nc5 26. Bf3 Bb2 27.
Nd5 Kf8 28. Nb4 Bxa3 29. Nc6 a6 1/2-1/2

[Event "SR Extraliga 2016/2017"]
[Site "?"]
[Date "2017.03.25"]
[Round "10.5"]
[White "Holecko, Rastislav"]
[Black "Motuz, Karol"]
[Result "1/2-1/2"]
[WhiteElo "2243"]
[BlackElo "2372"]
[PlyCount "46"]
[EventDate "2016.??.??"]

1. e4 c5 2. Nc3 Nc6 3. g3 g6 4. Bg2 Bg7 5. d3 e5 6. Nh3 Nge7 7. O-O d6 8. f4
Nd4 9. Be3 O-O 10. Qd2 Rb8 11. Rf2 b5 12. Raf1 b4 13. Nd1 f6 14. c3 bxc3 15.
bxc3 Ndc6 16. d4 cxd4 17. cxd4 f5 18. fxe5 dxe5 19. d5 Nd4 20. Ng5 Qd6 21. Nc3
Bd7 22. Nf3 Rb4 23. Nh4 Rc4 1/2-1/2

[Event "SR Extraliga 2016/2017"]
[Site "?"]
[Date "2017.03.25"]
[Round "10.6"]
[White "Vojtek, Vladimir"]
[Black "Kravec, Patrik"]
[Result "1-0"]
[WhiteElo "2268"]
[BlackElo "2046"]
[PlyCount "75"]
[EventDate "2016.??.??"]

1. e4 c5 2. f4 g6 3. Nf3 Bg7 4. c3 d5 5. Bb5+ Bd7 6. Bxd7+ Qxd7 7. d3 dxe4 8.
dxe4 Qxd1+ 9. Kxd1 Nf6 10. Nbd2 Nc6 11. Kc2 Rd8 12. Re1 Ng4 13. Re2 O-O 14. h3
Nf6 15. g4 Ne8 16. a4 Na5 17. e5 f5 18. gxf5 Rxf5 19. Ne4 b6 20. Rg2 c4 21. Nd4
Rxd4 22. cxd4 Nb3 23. Ra3 Nxc1 24. Kxc1 Rxf4 25. Re2 a6 26. Rc3 b5 27. axb5
axb5 28. b3 cxb3 29. Rc8 Bh6 30. Kb2 Kf7 31. e6+ Kf8 32. Kxb3 Bg7 33. Ra2 Bxd4
34. Rxe8+ Kg7 35. Rxe7+ Kh6 36. Re2 Rf3+ 37. Kb4 Rxh3 38. Rxh7+ 1-0

[Event "SR Extraliga 2016/2017"]
[Site "?"]
[Date "2017.03.25"]
[Round "10.8"]
[White "Sukuba, Zdeno"]
[Black "Kriz, Mario"]
[Result "1-0"]
[WhiteElo "2160"]
[BlackElo "2167"]
[PlyCount "57"]
[EventDate "2016.??.??"]

1. c4 Nf6 2. Nc3 c6 3. e4 d5 4. cxd5 cxd5 5. e5 d4 6. exf6 dxc3 7. bxc3 gxf6 8.
d4 Qc7 9. Bd2 Nc6 10. Nf3 e6 11. Rb1 b6 12. Bb5 a6 13. Bd3 Na5 14. Qe2 b5 15.
O-O Bd7 16. Rfe1 Bd6 17. Qe4 Rc8 18. Qh4 Be7 19. Qh5 Nc4 20. Bh6 Bf8 21. d5 Ne5
22. Nxe5 fxe5 23. dxe6 Bxe6 24. Rxe5 Kd7 25. Bxf8 Rhxf8 26. Rd1 Ke7 27. Qh4+
Ke8 28. Rde1 Qxc3 29. Rxe6+ 1-0

[Event "SR Extraliga 2016/2017"]
[Site "?"]
[Date "2017.03.26"]
[Round "11.1"]
[White "Ftacnik, Lubomir"]
[Black "Navara, David"]
[Result "0-1"]
[WhiteElo "2550"]
[BlackElo "2728"]
[PlyCount "62"]
[EventDate "2016.??.??"]

1. Nf3 g6 2. d4 f5 3. g3 Bg7 4. Bg2 Nf6 5. b3 O-O 6. Bb2 d6 7. O-O c6 8. c4 a5
9. Nc3 Na6 10. Rb1 Qc7 11. d5 e5 12. dxe6 Bxe6 13. Ng5 Bd7 14. Qd2 Rad8 15.
Rbd1 Bc8 16. Nh3 Nc5 17. Nf4 Ng4 18. e4 Qf7 19. exf5 Bxf5 20. f3 Ne5 21. Nfe2
a4 22. Ne4 axb3 23. Bxe5 Bxe5 24. Nxc5 bxa2 25. Nb3 Qxc4 26. Nbd4 Ra8 27. Nxf5
Rxf5 28. Rc1 Qb3 29. Bh3 Rf6 30. Nc3 Bxc3 31. Rxc3 Qb6+ 0-1

[Event "SR Extraliga 2016/2017"]
[Site "?"]
[Date "2017.03.26"]
[Round "11.2"]
[White "Markos, Jan"]
[Black "Pacher, Milan"]
[Result "1-0"]
[WhiteElo "2564"]
[BlackElo "2453"]
[PlyCount "65"]
[EventDate "2016.??.??"]

1. d4 Nf6 2. c4 g6 3. Nc3 d5 4. Nf3 Bg7 5. cxd5 Nxd5 6. e4 Nxc3 7. bxc3 c5 8.
Rb1 O-O 9. Be2 Nc6 10. d5 Bxc3+ 11. Bd2 Bxd2+ 12. Qxd2 Na5 13. h4 Bg4 14. Ng5
Bxe2 15. Kxe2 e6 16. h5 exd5 17. hxg6 fxg6 18. Rxh7 Nc4 19. Qc3 Qf6 20. Qxf6
Rxf6 21. Rbh1 Ra6 22. Rh8+ Kg7 23. Rxa8 Rxa2+ 24. Kf3 Kf6 25. Nh7+ Ke5 26. Re8+
Kd4 27. exd5 b5 28. Rd1+ Kc3 29. d6 Nxd6 30. Rxd6 b4 31. Nf6 b3 32. Ne4+ Kc2
33. Rd2+ 1-0

[Event "SR Extraliga 2016/2017"]
[Site "?"]
[Date "2017.03.26"]
[Round "11.3"]
[White "Zetocha, Claudiu"]
[Black "Babula, Vlastimil"]
[Result "0-1"]
[WhiteElo "2332"]
[BlackElo "2548"]
[PlyCount "82"]
[EventDate "2016.??.??"]

1. e4 c5 2. Nf3 d6 3. Bb5+ Nd7 4. c3 Ngf6 5. d3 a6 6. Ba4 b5 7. Bc2 Bb7 8. Nbd2
Rc8 9. O-O Qc7 10. Re1 g6 11. Nf1 Bg7 12. Bd2 O-O 13. Qc1 Rfe8 14. Bh6 Bh8 15.
Qd2 e5 16. h3 d5 17. Ng3 c4 18. dxc4 bxc4 19. Rad1 Nc5 20. Ng5 d4 21. cxd4 exd4
22. e5 Rxe5 23. Rxe5 Qxe5 24. Qxd4 Qxd4 25. Rxd4 Nh5 26. Rxc4 Nxg3 27. fxg3
Bxb2 28. Nf3 Bd5 29. Rb4 Bc3 30. Rb6 Bxa2 31. Be3 a5 32. Nd4 Ne6 33. Nc6 Kg7
34. Ba4 Rc7 35. Ra6 Bc4 36. Ra8 Bd5 37. Ra6 Rb7 38. Rb6 Rxb6 39. Bxb6 Bxc6 40.
Bxc6 Bd4+ 41. Bxd4+ Nxd4 0-1

[Event "SR Extraliga 2016/2017"]
[Site "?"]
[Date "2017.03.26"]
[Round "11.4"]
[White "Mrva, Martin"]
[Black "Briestensky, Rastislav"]
[Result "1-0"]
[WhiteElo "2393"]
[BlackElo "2310"]
[PlyCount "143"]
[EventDate "2016.??.??"]

1. e4 e5 2. Nf3 Nc6 3. Bb5 a6 4. Ba4 Nf6 5. Nc3 d6 6. O-O b5 7. Bb3 Be7 8. a4
Rb8 9. axb5 axb5 10. Qe2 Bg4 11. Nxb5 Bxf3 12. gxf3 O-O 13. d4 Nxd4 14. Nxd4
exd4 15. Kh1 Ra8 16. Rxa8 Qxa8 17. Rg1 Kh8 18. Qf1 Ng8 19. Qg2 Bf6 20. Qg4 Qe8
21. Bf4 g6 22. Ra1 Qb5 23. Qg1 d3 24. Qf1 Rb8 25. Bc1 dxc2 26. Qxb5 Rxb5 27.
Bxc2 Ne7 28. Bd3 Rb7 29. Ra2 Kg7 30. Kg2 Nc6 31. Bc4 Ne5 32. Ba6 Rb8 33. Bd2
Nd7 34. b4 Bd4 35. Rc2 c5 36. b5 Nb6 37. Bf4 Rd8 38. Bb7 h6 39. Bc6 g5 40. Bg3
c4 41. f4 c3 42. fxg5 hxg5 43. h4 f6 44. f4 gxf4 45. Bf2 Bxf2 46. Kxf2 f5 47.
Rxc3 Kf6 48. exf5 Kxf5 49. Bf3 Ke5 50. h5 Rb8 51. Rc1 Nd7 52. Re1+ Kf6 53. Rb1
Rb6 54. Be2 Ne5 55. Rg1 f3 56. Bf1 Rb8 57. h6 Rh8 58. Rh1 Rh7 59. b6 Kg5 60.
Kg3 Nd7 61. b7 Rxh6 62. Rxh6 Kxh6 63. Kxf3 Kg6 64. Bh3 Nb8 65. Ke4 Kf6 66. Kd5
Ke7 67. Bg4 Kd8 68. Kxd6 Nd7 69. Kc6 Nb8+ 70. Kb6 Ke7 71. Kc7 Na6+ 72. Kc8 1-0

[Event "SR Extraliga 2016/2017"]
[Site "?"]
[Date "2017.03.26"]
[Round "11.5"]
[White "Petran, Peter"]
[Black "Gazik, Viktor"]
[Result "0-1"]
[WhiteElo "2304"]
[BlackElo "2409"]
[PlyCount "72"]
[EventDate "2016.??.??"]

1. g3 Nf6 2. Bg2 d5 3. d3 c5 4. f4 Nc6 5. c3 e5 6. Nh3 Bd6 7. O-O O-O 8. e3 Re8
9. Nf2 Qc7 10. Na3 a6 11. Nc2 d4 12. cxd4 cxd4 13. Ne4 Nxe4 14. dxe4 Be6 15.
exd4 Nxd4 16. Nxd4 Bc5 17. fxe5 Rad8 18. Be3 Qxe5 19. Rf2 Bxd4 20. Bxd4 Rxd4
21. Qf3 f6 22. a3 Red8 23. Re1 Rd2 24. b4 R8d3 25. Re3 Qd4 26. Rxd2 Rxd2 27. h3
Rd3 28. Kf2 Rxa3 29. Bf1 Ra2+ 30. Kg1 Ra3 31. Kf2 b6 32. Qf4 g5 33. Qf3 Ra2+
34. Kg1 Ra3 35. Kf2 h5 36. e5 f5 0-1

[Event "SR Extraliga 2016/2017"]
[Site "?"]
[Date "2017.03.26"]
[Round "11.6"]
[White "Pinter, Erik"]
[Black "Franzen, Jozef"]
[Result "1-0"]
[WhiteElo "2384"]
[BlackElo "2248"]
[PlyCount "93"]
[EventDate "2016.??.??"]

1. e4 e5 2. Nf3 Nc6 3. Bb5 a6 4. Ba4 Nf6 5. O-O Be7 6. Re1 b5 7. Bb3 d6 8. c3
O-O 9. h3 Nb8 10. d4 Nbd7 11. Nbd2 Bb7 12. Bc2 Re8 13. a4 Bf8 14. Bd3 c6 15.
Qc2 g6 16. b3 Bg7 17. Bb2 Qc7 18. c4 bxa4 19. Rxa4 exd4 20. Bxd4 c5 21. Bc3 Nh5
22. Nb1 Ne5 23. Nxe5 Bxe5 24. Bd2 Nf4 25. Nc3 Ne6 26. Ne2 Bc6 27. Ra3 Qb7 28.
f3 Qe7 29. Be3 Reb8 30. Qd2 Rb6 31. Bc2 Bg7 32. Rd1 Qf6 33. Qa5 Rab8 34. Rxd6
Qe5 35. Rd1 f5 36. f4 Qf6 37. e5 Qe7 38. Raa1 g5 39. Qc3 Qb7 40. Bxf5 Nxf4 41.
Bxf4 gxf4 42. Nxf4 Rxb3 43. Qe1 Rb2 44. Be6+ Kf8 45. Bd5 Re8 46. Ng6+ hxg6 47.
Qf1+ 1-0

[Event "SR Extraliga 2016/2017"]
[Site "?"]
[Date "2017.03.26"]
[Round "11.7"]
[White "Castiglione, Mario"]
[Black "Krak, Tomas"]
[Result "1/2-1/2"]
[WhiteElo "2252"]
[BlackElo "2309"]
[PlyCount "75"]
[EventDate "2016.??.??"]

1. d4 Nf6 2. Nf3 g6 3. c3 Bg7 4. Bf4 O-O 5. Nbd2 d6 6. h3 c5 7. e4 cxd4 8. cxd4
Nc6 9. d5 e5 10. Bg5 Ne7 11. g4 Ne8 12. Qb3 f6 13. Bh4 Bh6 14. O-O-O Bd7 15.
Kb1 b5 16. Bxb5 Nc7 17. Bc4 Rb8 18. Qd3 Nb5 19. g5 fxg5 20. Nxg5 Nf5 21. exf5
Bxg5 22. Bxg5 Qxg5 23. Ne4 Qxf5 24. Bxb5 Rxb5 25. Nxd6 Rxd5 26. Nxf5 Bxf5 27.
Qxf5 Rxd1+ 28. Rxd1 Rxf5 29. Rd8+ Kf7 30. Rd7+ Ke6 31. Rxa7 Rxf2 32. Rxh7 e4
33. Rh8 Kd5 34. Rd8+ Kc4 35. Rc8+ Kd3 36. Rd8+ Kc4 37. Rc8+ Kd3 38. Rd8+
1/2-1/2